000 00608nam a2200217Ia 4500
003 IN-BaIIA
008 211028s9999 xx 000 0 eng d
020 _a81-7371-277-8
040 _cIIA Library
080 _a53
_bNEW
100 _aNewbury, Nathan
_925258
245 0 _aPrinceton problems in physics
_cNathan Newbury
260 _aHyderabad
_bUniversities Press
_c2000
300 _axvi, 319p.
650 _aElectricity and magnetism
_925259
650 _aMechanics
650 _aNuclear physics
_91527
650 _aQuantum mechanics
650 _aRelativity and astrophysics
_925260
942 _cBK
999 _c14280
_d14280